Pokédex challenge 4ème génération - Statistiques

Statistiques générales
  • Ce quiz a été pris 4 514 fois
  • Le résultat moyen est 71 sur 107
Statistiques - réponses
Numéro Nom % Correct
393 Tiplouf
98%
387 Tortipouss
98%
390 Ouisticram
96%
395 Pingoleon
96%
392 Simiabraz
96%
389 Torterra
96%
483 Dialga
95%
484 Palkia
95%
394 Prinplouf
94%
398 Etouraptor
93%
396 Etourmi
93%
391 Chimpenfeu
92%
397 Etourvol
92%
388 Boskara
91%
487 Giratina
91%
491 Darkrai
87%
493 Arceus
86%
482 Crefadet
86%
403 Lixy
85%
404 Luxio
85%
405 Luxray
85%
481 Crefollet
84%
399 Keunotor
84%
400 Castorno
83%
480 Crehelf
83%
445 Carchacrok
82%
444 Carmache
79%
466 Elekable
79%
448 Lucario
79%
467 Maganon
79%
488 Cresselia
78%
443 Griknot
78%
407 Roserade
78%
447 Riolu
77%
492 Shaymin
76%
410 Dinoclier
73%
485 Heatran
73%
419 Musteflott
73%
411 Bastiodon
72%
418 Mustebouee
72%
471 Givrali
70%
490 Manaphy
70%
486 Regigigas
70%
406 Rozbouton
70%
489 Phione
69%
442 Spiritomb
69%
409 Charkos
67%
460 Blizzaroi
66%
429 Magireve
66%
459 Blizzi
65%
431 Chaglam
65%
408 Cranidos
65%
470 Phyllali
65%
461 Dimoret
64%
432 Chaffreux
63%
402 Melokrik
62%
468 Togekiss
62%
425 Baudrive
61%
401 Crikzik
61%
430 Corboss
60%
426 Grodrive
60%
416 Apireine
59%
415 Apitrini
59%
412 Cheniti
59%
437 Archeodong
58%
413 Cheniselle
58%
462 Magnezone
58%
436 Archeomire
57%
478 Momartik
57%
479 Motisma
57%
434 Moufouette
57%
454 Coatox
56%
417 Pachirisu
56%
464 Rhinastoc
56%
475 Gallame
55%
435 Moufflair
55%
472 Scorvol
55%
453 Cradopaud
54%
422 Sancoki
54%
423 Tritosor
54%
440 Ptiravi
53%
446 Goinfrex
52%
420 Ceribou
50%
449 Hippopotas
50%
477 Noctunoir
50%
450 Hippodocus
49%
473 Mammochon
49%
414 Papilord
49%
421 Ceriflor
48%
452 Drascore
48%
427 Laporeille
48%
428 Lockpin
47%
451 Rapion
46%
457 Lumineon
45%
469 Yanmega
45%
465 Bouldeneu
44%
456 Ecayon
44%
439 Mime jr
44%
474 Porygon-Z
44%
455 Vortente
43%
424 Capidextre
41%
438 Manzai
41%
463 Coudlangue
38%
476 Tarinorme
38%
441 Pijako
37%
433 Korillon
36%
458 Babimanta
29%
Aucun quiz correspondant
Distribution des résultats
% des personnes avec chaque résultat
Percentile par nombre de réponses
Votre historique - résultats
Vous n’avez pas pris ce quiz